000 00593nam a2200181 i 4500
001 96137
003 ES-MaACL
005 20240125063137.0
007 t|
008 050610s1910 sp ||||1| spa d
100 1 _aMadrazo, Pedro de,
_d1816-1898
_975340
245 1 0 _aCatálogo de los cuadros del Museo del Prado /
_cpor Don Pedro de Madrazo.
250 _a10ª ed. corr.
_bconteniendo autógrafos de firmas intercalados.
260 _aMadrid :
_bJ.Lacoste,
_c1910.
300 _aXXXV, 454 p., 100 lám. ;
_c19 cm.
852 _aES-MaACL
_jF-11887
999 _c96137
_d96137